| 000 | 00866nam a2200229 i 4500 | ||
|---|---|---|---|
| 001 | 28260 | ||
| 003 | ES-MaACL | ||
| 005 | 20250902190726.0 | ||
| 007 | t| | ||
| 008 | 030116s1883 pr |||| | spa d | ||
| 245 | 0 | 0 |
_aInforme sobre la moneda mejicana / _cRomán Baldorioty Castro ... [et al.]. |
| 260 |
_a[Ponce : _bUnión Mercantil e Industrial de Ponce, _c1883] ( _fLa Civilización) |
||
| 300 |
_a18 p. ; _c20 cm. |
||
| 530 | _aDisponible en formato digital. | ||
| 650 | 4 |
_aMoneda- _zPuerto Rico. _9152892 |
|
| 650 | 4 |
_aMoneda- _zMéxico. _9152893 |
|
| 700 | 1 |
_aBaldorioty de Castro, Román, _d1822-1889 _924898 |
|
| 710 | 2 |
_aUnión Mercantil e Industrial de Ponce. _97044 |
|
| 852 |
_aES-MaACL _jT-366-F-17 _q- Ejemp. sin portada |
||
| 856 |
_uhttp://bdh-rd.bne.es/viewer.vm?id=0000101215&page=1 _zBiblioteca Digital Hispánica |
||
| 999 |
_c28260 _d28260 |
||